8051 Microcontroller (Record no. 353888)
[ view plain ]
| 000 -LEADER | |
|---|---|
| fixed length control field | 00418nam a2200157Ia 4500 |
| 008 - FIXED-LENGTH DATA ELEMENTS--GENERAL INFORMATION | |
| fixed length control field | 230719s9999 xx 000 0 und d |
| 041 ## - LANGUAGE CODE | |
| Language code of text/sound track or separate title | eng |
| 082 ## - DEWEY DECIMAL CLASSIFICATION NUMBER | |
| Classification number | 004.165 |
| Item number | AYA |
| 100 ## - MAIN ENTRY--PERSONAL NAME | |
| Personal name | Ayala K.J. |
| 245 ## - TITLE STATEMENT | |
| Title | 8051 Microcontroller |
| Remainder of title | Architecture Programming And Applications |
| 250 ## - EDITION STATEMENT | |
| Edition statement | 2nd ed. |
| 260 ## - PUBLICATION, DISTRIBUTION, ETC. (IMPRINT) | |
| Name of publisher, distributor, etc. | Penram International Pub. |
| 300 ## - PHYSICAL DESCRIPTION | |
| Extent | 367 |
| Accompanying material [OBSOLETE, CAN/MARC] | Ref 538 E (9243) |
| 365 ## - TRADE PRICE | |
| Currency code | Rs. |
| 700 ## - ADDED ENTRY--PERSONAL NAME | |
| Personal name | Ayala K.J. |
| Withdrawn status | Lost status | Damaged status | Not for loan | Home library | Current library | Shelving location | Date acquired | Vendor | Total Checkouts | Full call number | Barcode | Date last seen | Date last checked out | Bill Date | Koha item type | Original Barcode |
|---|---|---|---|---|---|---|---|---|---|---|---|---|---|---|---|---|
| Cummins College of Engineering for Women Pune | Cummins College of Engineering for Women Pune | Donated Book | 16/01/2012 | Masurkar Enterprises | 3 | 004.165 | CCEP-DB-93 | 20/02/2024 | 06/02/2024 | 19/07/2023 | Books | D00093 |